Capitaines de Légende en Football - Statistiques

Statistiques générales
  • Ce quiz a été pris 310 fois
  • Le résultat moyen est 14 sur 23
Statistiques - réponses
description Capitaine % Correct
Ce capitaine argentin a mené son équipe à la victoire en Coupe du Monde 1986 et est célèbre pour le "But de la main de Dieu". Diego Maradona
99%
Ce capitaine portugais a mené son équipe à la victoire à l'Euro 2016 et à la Ligue des Nations 2019. Cristiano Ronaldo
92%
Ce capitaine argentin a remporté la Copa América 2021 et la Coupe du Monde 2022 et est considéré comme l'un des meilleurs joueurs de tous les temps. Lionel Messi
89%
Ce capitaine français a mené son équipe à la victoire en Coupe du Monde 1998 et a également remporté l'Euro 2000. Didier Deschamps
88%
Ce capitaine français a mené son équipe à la victoire en Coupe du Monde 2018. Hugo Lloris
87%
Ce capitaine espagnol a soulevé le trophée de la Coupe du Monde en 2010 et a remporté deux Euros consécutifs en 2008 et 2012. Iker Casillas
82%
Ce capitaine italien a remporté la Coupe du Monde 2006 et est l'un des défenseurs les plus respectés de tous les temps. Fabio Cannavaro
81%
Ce capitaine allemand a mené son équipe à la victoire en Coupe du Monde 2014. Philipp Lahm
76%
Ce capitaine français a remporté l'Euro 1984 et est connu pour son charisme et son influence sur le terrain. Michel Platini
74%
Ce capitaine italien est célèbre pour ses succès avec le Milan AC et pour avoir remporté de nombreux titres en club. Paolo Maldini
74%
Ce capitaine néerlandais a mené l'Ajax et l'équipe nationale néerlandaise à de nombreux succès dans les années 1970. Johan Cruyff
73%
Ce capitaine italien est connu pour ses nombreux succès avec la Juventus et pour avoir remporté l'Euro 2020. Giorgio Chiellini
67%
Ce capitaine brésilien a remporté la Coupe du Monde en 2002 et est connu pour son charisme et son leadership. Cafu
66%
Ce capitaine allemand a remporté trois Coupes du Monde et est une légende du Bayern Munich. Franz Beckenbauer
58%
Ce capitaine néerlandais est connu pour avoir mené les Pays-Bas à trois finales de Coupe du Monde, remportant l'Euro 1988. Ruud Gullit
54%
Ce capitaine anglais est célèbre pour ses succès en club et a mené Chelsea à de nombreux titres. John Terry
51%
Ce capitaine uruguayen est connu pour ses succès en Copa América et pour avoir mené l'Atlético Madrid à de nombreux succès. Diego Godín
45%
Ce capitaine anglais a remporté la Coupe du Monde 1966 et est une icône de l'équipe nationale anglaise. Bobby Moore
35%
Ce capitaine allemand a mené son équipe à la victoire en Coupe du Monde 1990. Lothar Matthäus
33%
Ce capitaine brésilien a mené son équipe à la victoire en Coupe du Monde 1994 et est connu pour son élégance et sa classe. Dunga
18%
Ce capitaine italien est le seul à avoir remporté deux Coupes du Monde, en 1934 et 1938. Giuseppe Meazza
16%
Ce capitaine brésilien est connu pour avoir remporté la Coupe du Monde, en 1970. Carlos Alberto
15%
Ce capitaine uruguayen a mené son équipe à la victoire en Coupe du Monde 1950 au Brésil. Obdulio Varela
1%
Aucun quiz correspondant
Distribution des résultats
% des personnes avec chaque résultat
Percentile par nombre de réponses
Votre historique - résultats
Vous n’avez pas pris ce quiz